LEADER 01093nam a2200277 i 4500 001 000000175434 003 CaOOAMICUS 005 20081104000000.0 008 081104s2002 it u000 u ita u 013 $a152915 020 $a8872291690 040 $aSeMil$bita 100 1 $aBáez, Silvio José .$0(OLS)http://semarc/name/41850 245 10$aPastorale e pedagogia della santità /$cSilvio José Báez ... [et al.]. 260 $aMorena Roma :$bOCD,$c[2002] 300 $a250 p. ;$c21 cm. 490 0 $aFiamma viva ;$v43 650 4$aSantità - Studi.$0(OLS)http://semarc/subject/822 650 4$aSantità - Pastorale.$0(OLS)http://semarc/subject/33454 830 0$aFiamma viva ;$v43.$0(OLS)http://semarc/title/371 850 $aSeMil 852 $aSeMil$W1$xVenegono$y1$m3H IV 354$j126256$B126256$CSeMilBibl$Z2$F138200 $81 961 $aAcquisto: OCD 996 $6020$a8872291690$9(OLS)http://semarc/number/163671 996 $6245$aPastorale e pedagogia della santità$9(OLS)http://semarc/title/251640 996 $6260$aMorena Roma :$bOCD$9(OLS)http://semarc/publisher/34789 LEADER 01022nam a2200241 i 4500 001 000000079608 003 CaOOAMICUS 005 20170419000000.0 008 170419s2003 it u000 u ita u 013 $a51845 020 $a88-01-02752-4 040 $aSeMil$bita 100 1 $aNanni, Carlo.$0(OLS)http://semarc/name/36246 245 13$aIl Sistema preventivo di Don Bosco :$bprove di rilettura per l'oggi /$cCarlo Nanni. 260 $aLeumann (TO) :$bElledici,$c2003. 300 $a110 p. ;$c20 cm. 650 4$aBosco, Giovanni - Sistema preventivo.$0(OLS)http://semarc/subject/10546 850 $aSeMil 852 $aSeMil$W1$xVenegono$y1$m2Q I 106$j45278$B45278$CSeMilBibl$Z2$F47204 $81 961 $aLascito: Coronelli don Renato 996 $6020$a88-01-02752-4$9(OLS)http://semarc/number/270539 996 $6245$aIl Sistema preventivo di Don Bosco :$bprove di rilettura per l'oggi$9(OLS)http://semarc/title/403503 996 $6260$aLeumann (TO) :$bElledici$9(OLS)http://semarc/publisher/29715